Handa's surprise / (Record no. 7713)

MARC details
000 -LEADER
fixed length control field 00973nam a22003137a 4500
001 - CONTROL NUMBER
control field 7713
003 - CONTROL NUMBER IDENTIFIER
control field FISKH
005 - DATE AND TIME OF LATEST TRANSACTION
control field 20250731161953.0
008 - FIXED-LENGTH DATA ELEMENTS--GENERAL INFORMATION
fixed length control field 250731b cb ||||| |||| 00| 0 eng d
020 ## - INTERNATIONAL STANDARD BOOK NUMBER
International Standard Book Number 0439056543
040 ## - CATALOGING SOURCE
Original cataloging agency FISKH
Language of cataloging eng
Transcribing agency FISKH
Modifying agency FISKH
050 ## - LIBRARY OF CONGRESS CALL NUMBER
Classification number PZ7.B81995
082 ## - DEWEY DECIMAL CLASSIFICATION NUMBER
Classification number 823.914
100 ## - MAIN ENTRY--PERSONAL NAME
Personal name Browne , Eileen
245 ## - TITLE STATEMENT
Title Handa's surprise /
Statement of responsibility, etc. By Eileen Browne
250 ## - EDITION STATEMENT
Edition statement First Scholastic printing, January 1999
260 ## - PUBLICATION, DISTRIBUTION, ETC.
Place of publication, distribution, etc. New York :
Name of publisher, distributor, etc. Scholastic ,
Date of publication, distribution, etc. 1994.
300 ## - PHYSICAL DESCRIPTION
Extent 32 unnumbered pages :
Other physical details color illustrations ;
Dimensions 22 x 26 cm .
490 ## - SERIES STATEMENT
Series statement Handa
505 ## - FORMATTED CONTENTS NOTE
Formatted contents note D <br/>
520 ## - SUMMARY, ETC.
Summary, etc. Handa carries seven delicious fruits to her friend Akeyo as a surprise, but meets some hungry animals along the way.
521 8# - TARGET AUDIENCE NOTE
Target audience note 160 <br/>
Source Lexile estimate <br/>
521 8# - TARGET AUDIENCE NOTE
Target audience note D <br/>
Source Raz-Plus <br/>
650 ## - SUBJECT ADDED ENTRY--TOPICAL TERM
Topical term or geographic name entry element Multicultural
Form subdivision Fiction
650 ## - SUBJECT ADDED ENTRY--TOPICAL TERM
Topical term or geographic name entry element Friendship
Form subdivision Fiction
650 ## - SUBJECT ADDED ENTRY--TOPICAL TERM
Topical term or geographic name entry element Animals
Form subdivision Fiction
942 ## - ADDED ENTRY ELEMENTS (KOHA)
Source of classification or shelving scheme Dewey Decimal Classification
Koha item type Books
Suppress in OPAC No
Holdings
Withdrawn status Lost status Source of classification or shelving scheme Damaged status Not for loan Collection Home library Current library Shelving location Date acquired Total Checkouts Full call number Barcode Date last seen Price effective from Koha item type
    Dewey Decimal Classification     Juvenile Fiction Footprints International School Library Network Toul Tom Poung Campus Footprints International School Library Network Toul Tom Poung Campus TTP Primary Green Bookshelves 07/31/2025   BRO 823.914 PZ7.B81995 FISTK02496 07/31/2025 07/31/2025 Books